000 00260nam a2200109Ia 4500
005 20251222114352.0
008 251222s1900||||xx |||||||||||||| ||spa||
082 _aDVD0070/F36E/1978
245 0 _aEnsayo de orquesta
264 _bRossellini, Renzo
942 _cDVD
999 _c1266
_d1266